| 000 | 01018nam a22002297a 4500 | ||
|---|---|---|---|
| 999 |
_c7372 _d7372 |
||
| 003 | AR-CdUCM | ||
| 008 | 190320b ||||| |||| 00| 0 spa d | ||
| 040 |
_aMUNICIPALIDAD PROVINCIAL DEL CUSCO _cBIBLIOTECA MUNICIPAL DEL CUSCO |
||
| 082 |
_a985.019 / _bB28 |
||
| 100 |
_aBaudin, Louis _916388 |
||
| 245 |
_aEl imperio socialista de los incas : _bL'empire socialiste des inka / |
||
| 260 |
_aSantiago de Chile : _bZig-Zag, _c1943. |
||
| 300 |
_a461 páginas ; _bmapas, ilustraciones, _c21 cm. |
||
| 500 | _aDonación de la familia Nieto. | ||
| 505 | _aContenido: El fundamento económico del imperio. El principio de población -- El fundamento social del imperio. El principio de jerarquía -- El elemento ancestral o la comunidad agraria -- El plan racional. El socialismo de Estado -- El socialismo de Estado ... | ||
| 650 |
_aPerú _935 |
||
| 650 |
_aAspectos sociales _9262 |
||
| 650 |
_aÉpoca Prehispánica _92714 |
||
| 700 |
_aArze, José Antonio (Traductor) _920774 |
||
| 942 |
_2ddc _cLIBROS |
||
| 945 | _araen | ||